Online katalóg knižníc regiónu Turca

Rhett Butler (Record no. 22448)

MARC details
000 -LEADER
fixed length control field 01287cam a2200397 a 4500
001 - CONTROL NUMBER
control field 22448
003 - CONTROL NUMBER IDENTIFIER
control field SK-KTurca
005 - DATE AND TIME OF LATEST TRANSACTION
control field 20260328122015.0
008 - FIXED-LENGTH DATA ELEMENTS--GENERAL INFORMATION
fixed length control field 240314s2010 xo g 000 f slo
015 ## - NATIONAL BIBLIOGRAPHY NUMBER
National bibliography number SNBA2011/01-00351
020 ## - INTERNATIONAL STANDARD BOOK NUMBER
International Standard Book Number 9788055122731
Qualifying information (brož.)
035 ## - SYSTEM CONTROL NUMBER
System control number 153D2EBC-72FE-492B-86FA-4AE5EE01AED7
035 ## - SYSTEM CONTROL NUMBER
System control number urn:nbn:sk:snk-amjg3v
035 ## - SYSTEM CONTROL NUMBER
System control number urn:nbn:sk:snk-am0013sg
040 ## - CATALOGING SOURCE
Original cataloging agency SNK
Language of cataloging slo
Transcribing agency SNK
Modifying agency SVKBB
-- SNK
Description conventions AACR2
041 1# - LANGUAGE CODE
Language code of text/sound track or separate title slo
Language code of original eng
044 ## - COUNTRY OF PUBLISHING/PRODUCING ENTITY CODE
MARC country code xo
ISO country code SK
072 #7 - SUBJECT CATEGORY CODE
Subject category code 821.111(73)-3
Subject category code subdivision Americká próza
Source konspekt
080 ## - UNIVERSAL DECIMAL CLASSIFICATION NUMBER
Universal Decimal Classification number 94(73)"1861/1865"
Edition identifier 2001
080 ## - UNIVERSAL DECIMAL CLASSIFICATION NUMBER
Universal Decimal Classification number 821.111(73)-31
Edition identifier 2001
080 ## - UNIVERSAL DECIMAL CLASSIFICATION NUMBER
Universal Decimal Classification number (0:82-311.6)
Edition identifier 2001
100 1# - MAIN ENTRY--PERSONAL NAME
Personal name McCaig, Donald,
Dates associated with a name 1940-
Relationship aut
240 10 - UNIFORM TITLE
Uniform title Rhett Butler's People
Language of a work Slovensky
245 10 - TITLE STATEMENT
Title Rhett Butler
Statement of responsibility, etc. Donald McCaig ; [z anglického originálu preložil Alojz Keníř]
250 ## - EDITION STATEMENT
Edition statement 2. vyd.
260 ## - PUBLICATION, DISTRIBUTION, ETC.
Place of publication, distribution, etc. Bratislava
Name of publisher, distributor, etc. Ikar
Date of publication, distribution, etc. 2010
300 ## - PHYSICAL DESCRIPTION
Extent 399 s.
Dimensions 20 cm
648 #7 - SUBJECT ADDED ENTRY--CHRONOLOGICAL TERM
Chronological term 19. stor., 2. pol.
Source of heading or term SNKPH
650 07 - SUBJECT ADDED ENTRY--TOPICAL TERM
Topical term or geographic name entry element americká občianska vojna (1861-1865)
Source of heading or term SNKPH
655 #7 - INDEX TERM--GENRE/FORM
Genre/form data or focus term americké romány
Source of term SNKPH
655 #7 - INDEX TERM--GENRE/FORM
Genre/form data or focus term historické romány
Source of term SNKPH
700 1# - ADDED ENTRY--PERSONAL NAME
Personal name Keníž, Alojz,
Dates associated with a name 1952-
Relationship trl
942 ## - ADDED ENTRY ELEMENTS (KOHA)
Source of classification or shelving scheme Dewey Decimal Classification
Koha item type Krásna literatúra pre dospelých
Suppress in OPAC No
980 ## - EQUIVALENCE OR CROSS-REFERENCE-SERIES STATEMENT--PERSONAL NAME/TITLE [LOCAL, CANADA]
Personal name 821.111(73)-31
Holdings
Stav vyradenia Strata Poškodenie Spôsob nadobudnutia Domovská knižnica Aktuálna knižnica Dátum nadobudnutia Cena Total checkouts Čiarový kód exemplára Date last seen Typ exemplára
      Kúpa Obecná knižnica Horná Štubňa Obecná knižnica Horná Štubňa 28.03.2026 2.99   9788055122731 28.03.2026 Krásna literatúra pre dospelých
Projekt je podporený Slovenskou asociáciou knižníc
Prevádzkuje Turčianska knižnica Martin 2026